书目信息 |
| 题名: |
唐宋词格律
|
|
| 作者: | 龙榆生 编著 | |
| 分册: | ||
| 出版信息: | 上海 上海古籍出版社 1978.10 |
|
| 页数: | 203页 | |
| 开本: | 32开 | |
| 丛书名: | ||
| 单 册: | ||
| 中图分类: | I207.21 | |
| 科图分类: | ||
| 主题词: | 文学--中国 | |
| 电子资源: | ||
| ISBN: | 7-5325-0497-2 | |
| 000 | 00542nam0 2200193 45 | |
| 001 | 0011190918 | |
| 005 | 20001130113222.6 | |
| 010 | @a7-5325-0497-2@d8.50元 | |
| 100 | @a20001119d1978 km y0chiy0120 ea | |
| 101 | 0 | @achi |
| 105 | @a z 000yy | |
| 200 | 1 | @a唐宋词格律@ATang Song Ci Ge Lu@f龙榆生编著@FLong Yu Sheng Bian Zhu |
| 210 | @a上海@c上海古籍出版社@d1978.10 | |
| 215 | @a203页@d32开 | |
| 606 | 0 | @a文学@x中国 |
| 690 | @aI207.21@v3 | |
| 701 | 0 | @a龙榆生@4编著 |
| 801 | @aCN@bPftUser@c20001119 | |
| 905 | @dI207.21@eL799@b508176-177@f2 | |
| 唐宋词格律/龙榆生编著.-上海:上海古籍出版社,1978.10 |
| 203页;32开 |
| ISBN 7-5325-0497-2:8.50元 |
| ● |
| 相关链接 |
|
|
|
正题名:唐宋词格律
索取号:I207.21/L799
 
预约/预借
| 序号 | 登录号 | 条形码 | 馆藏地/架位号 | 状态 | 备注 |
| 1 | 508176 | 205081766 | 文学库108/108文学库 7排2列5层/ [索取号:I207.21/L799] | 在馆 | |
| 2 | 508177 | 205081775 | 文学库108/108文学库 7排2列3层/ [索取号:I207.21/L799] | 在馆 |